Die deutsche Dichtung unserer Zeit. (Record no. 5876)

MARC details
000 -LEADER
fixed length control field 01144cam a22002531 4500
001 - CONTROL NUMBER
control field af 48004031
003 - CONTROL NUMBER IDENTIFIER
control field DLC
005 - DATE AND TIME OF LATEST TRANSACTION
control field 20260227110905.0
008 - FIXED-LENGTH DATA ELEMENTS--GENERAL INFORMATION
fixed length control field 850911s1944 gw b 000 0 ger c
010 ## - LIBRARY OF CONGRESS CONTROL NUMBER
LC control number af 48004031
035 ## - SYSTEM CONTROL NUMBER
System control number (OCoLC)12536132
040 ## - CATALOGING SOURCE
Original cataloging agency Yale Univ. Library
Transcribing agency TxHR
Modifying agency DLC
042 ## - AUTHENTICATION CODE
Authentication code premarc
050 00 - LIBRARY OF CONGRESS CALL NUMBER
Classification number PT403
Item number .M82
100 1# - MAIN ENTRY--PERSONAL NAME
Personal name Mulot, Arno,
Dates associated with a name 1904-
245 14 - TITLE STATEMENT
Title Die deutsche Dichtung unserer Zeit.
250 ## - EDITION STATEMENT
Edition statement 2., erweiterte Aufl.
260 ## - PUBLICATION, DISTRIBUTION, ETC.
Place of publication, distribution, etc. Stuttgart,
Name of publisher, distributor, etc. J. B. Metzler,
Date of publication, distribution, etc. 1944.
300 ## - PHYSICAL DESCRIPTION
Extent ix, 578 p.
Dimensions 23 cm.
500 ## - GENERAL NOTE
General note "Im Jahre 1937 erschlen das erste, im Jahre 1942 das abschliessende Heft dieser Darstellung der deutschen Dichtung unserer Zeit."
504 ## - BIBLIOGRAPHY, ETC. NOTE
Bibliography, etc. note Bibliographical footnotes.
505 0# - FORMATTED CONTENTS NOTE
Formatted contents note Der Soldat in der deutschen Dichtung unserer Zeit.--Der Bauer in der deutschen Dichtung unserer Zeit.-- Der Arbeiter in der deutschen Dichtung unserer Zeit.-- Das Reich in der deutschen Dichtung unserer Zeit.-- Das Volk in der deutschen Dichtung unserer Zeit.-- Welt- und Gottschau in der deutschen Dichtung unserer Zeit.
650 #0 - SUBJECT ADDED ENTRY--TOPICAL TERM
Topical term or geographic name entry element German literature
Chronological subdivision 20th century
General subdivision History and criticism.

No items available.

Powered by Koha